• 首页
  • 本馆介绍
  • 公告通知
  • 最新文献
  • 馆藏检索
  • 电子资源
  • 读者导购
  • 参考咨询
  • 我的图书馆
  • 登录
  • 详细信息显示
  • 放入我的书架
  • 预约/预借图书
  • 作者相关作品
  • 分类相关作品
  • 丛书相关作品
  • 出版社相关作品

书目信息

  • 表格格式
  • 工作单格式
  • 卡片格式
题名:
发票功能论
    
 
作者: 余丹 著
分册:  
出版信息: 北京   中国社会科学出版社  2016
页数: 238页
开本: 24cm
丛书名: 浙江省哲学社会科学规划后期资助课题成果文库
单 册:
中图分类: F231.3
科图分类:
主题词: 发票--fa piao--研究
电子资源:
ISBN: 978-7-5161-9061-6
000 01017nam0 22002531 450
001 1738582400
005 20170627164600.0
010    @a978-7-5161-9061-6@dCNY60.00
100    @a20170406d2016 em y0chiy50 ea
101 0  @achi
102    @aCN@b110000
105    @ay z 000yy
106    @ar
200 1  @a发票功能论@9fa piao gong neng lun@f余丹著
210    @a北京@c中国社会科学出版社@d2016
215    @a238页@d24cm
225 2  @a浙江省哲学社会科学规划后期资助课题成果文库@9zhe jiang sheng zhe xue she hui ke xue gui hua hou qi zi zhu ke ti cheng guo wen ku
330    @a本书从现行发票的立法制度设计上看,政府在履行管理发票的职能上,由于过度介入发票关系,同时具有发票发行者、监管者及利益分享者的多重角色,不可避免地带来角色错位,进而职能不当延伸所致的功能冲突问题。
461  0 @12001 @a浙江省哲学社会科学规划后期资助课题成果文库
606 0  @a发票@9fa piao@x研究
690    @aF231.3@v5
701  0 @a余丹@9yu dan@c(女,@f1969~)@4著
801  0 @aCN@bTANGWEI@c20170620
905    @b1015279-84@dF231.3@e532@f6
    
    发票功能论/余丹著 .-北京:中国社会科学出版社,2016
    238页;24cm.-(浙江省哲学社会科学规划后期资助课题成果文库)
    
    
    ISBN 978-7-5161-9061-6:CNY60.00
    本书从现行发票的立法制度设计上看,政府在履行管理发票的职能上,由于过度介入发票关系,同时具有发票发行者、监管者及利益分享者的多重角色,不可避免地带来角色错位,进而职能不当延伸所致的功能冲突问题。
●
相关链接 在E读中查询图书 在五车中查询图书 在当当中查询图书 在豆瓣中查询图书


正题名:发票功能论     索取号:F231.3/532         预约/预借

序号 登录号 条形码 馆藏地/架位号 状态 备注
1 1015279   210152797   第一样本阅览室/ [索取号:F231.3/532] 在馆    
2 1015280   210152804   教育系资料室/ [索取号:F231.3/532] 在馆    
3 1015281   210152813   教育系资料室/ [索取号:F231.3/532] 在馆    
4 1015282   210152822   教育系资料室/ [索取号:F231.3/532] 在馆    
5 1015283   210152831   第一借阅区/ [索取号:F231.3/532] 在馆    
6 1015284   210152840   第一借阅区/ [索取号:F231.3/532] 在馆    
唐山师范学院图书馆 欢迎您!
大连网信软件有限公司© 版权所有